Statistics for most popular cakes quiz

Click here to take the quiz!

General Stats

  • This quiz has been taken 68 times
  • The average score is 5 of 10

Answer Stats

HintAnswer% Correct
1Chocolate cake
77%
3Chocolate chip cake
77%
7Carrot cake
64%
5Red velvet cake
60%
4Vanilla cake
60%
2Cheesecake
51%
8Lemon cake
38%
6Marble cake
25%
9Coconut cake
21%
10Funfetti cake
21%

Score Distribution

Percentile by Number Answered

Percent of People with Each Score

Your Score History

You have not taken this quiz